| 000 | 00460nam a22001697a 4500 | ||
|---|---|---|---|
| 999 |
_c478303 _d478303 |
||
| 003 | NUST | ||
| 005 | 20180521053730.0 | ||
| 008 | 180521b ||||| |||| 00| 0 eng d | ||
| 020 | _a9781259006159 | ||
| 082 | _a004.165 | ||
| 100 |
_aDouglas V Hall SSSP Rao _910361 |
||
| 245 |
_aMicroprocessors and Interfacing _cDouglas V Hall SSSP Rao |
||
| 250 | _a3rd. | ||
| 260 |
_aIndia _bMc Graw Hill Education _c1992 |
||
| 300 |
_aUnpaged. _bPb. |
||
| 942 |
_2ddc _cBK |
||